000 00808nam a2200253Ia 4500
003 OSt
005 20220317095413.0
008 210716s2009 xx 000 0 und d
020 _a9789352865604
040 _cAIMIT LIBRARY
041 _aeng
082 _a658
_26
_bSTOJ
100 _aStoner, James A.
_923970
245 _aManagement /
_cBy James A F Stoner, R Edward Freeman and Daniel R Gilbert.
250 _a6th ed.
260 _aNew Delhi :
_bPearson Education ,
_c2019
300 _axxx,543,I-19p. ;
_c25 cm.
650 _aGlobalization and Management.
_923971
650 _aInventing and Reinventing Organizations.
_923972
650 _aCulture and Multiculturalism.
_923973
700 _aFreeman, R Edward.
_923974
700 _aGilbert, Daniel R.
_923975
942 _2ddc
_cBK
_e6th
_k658 STOJ
999 _c211026
_d211026